Ešte raz k vymedzeniu predmetu a účinkov premlčania v návrhu novely Občianskeho zákonníka

Prezentácia stanoviska autorky k potrebe zmien právnej úpravy inštitútu premlčania de lege ferenda. Identifikácia trendov vo vývine daného inštitútu, ale aj potrieb reálnych zmien v právnej úprave. Súhrn poznámok k niektorým riešeniam vymedzenia predmetu a účinkov premlčania z terminologického a výk...

Ausführliche Beschreibung

Gespeichert in:
Bibliographische Detailangaben
1. Verfasser: Ovečková, Oľga
Format: Buchkapitel
Sprache:Slowakisch
Schlagworte:
Tags: Tag hinzufügen
Keine Tags, Fügen Sie das erste Tag hinzu!

MARC

LEADER 00000naa a2200000 4500
001 0259168
005 20191024092700.3
041 0 |a slo 
044 |a SK 
245 1 0 |a Ešte raz k vymedzeniu predmetu a účinkov premlčania v návrhu novely Občianskeho zákonníka  |c Oľga Ovečková 
520 |a Prezentácia stanoviska autorky k potrebe zmien právnej úpravy inštitútu premlčania de lege ferenda. Identifikácia trendov vo vývine daného inštitútu, ale aj potrieb reálnych zmien v právnej úprave. Súhrn poznámok k niektorým riešeniam vymedzenia predmetu a účinkov premlčania z terminologického a výkladového aspektu. 
610 2 0 |a premlčanie 
610 2 0 |a zákonník občiansky 
610 2 0 |a právo súkromné 
610 2 0 |a terminológia 
610 2 0 |a novelizácia 
100 1 |a Ovečková, Oľga